| 000 | 01193nam a22002537a 4500 | ||
|---|---|---|---|
| 005 | 20170124103142.0 | ||
| 010 | _aA-588199 | ||
| 020 | _c00.00 | ||
| 035 | _aA-588199 | ||
| 037 | _bCen Lib/Ret | ||
| 040 |
_aDPL _bHN |
||
| 082 |
_a305 _bचौधरी |
||
| 100 |
_aचौधरी, विश्वमित्र प्रसाद _985543 |
||
| 245 |
_aभारत में साम्प्रदायिकता / _cविश्वमित्र प्रसाद चौधरी |
||
| 246 |
_aBharat me sampradayikta / _bby Vishvmitr Prasad Chaudhari |
||
| 260 |
_bके.एल.राजपाल _c1991 _aदिल्ली |
||
| 270 |
_a114, सूर्य निकेतन, आनन्द विहार _bदिल्ली _e110092 |
||
| 300 |
_aii,196पृ. _c20सेमी(सजिल्द) |
||
| 650 |
_aसांप्रदायिक समस्या -- महात्मा गांधी _985544 |
||
| 650 |
_aसांप्रदायिक समस्याएँ _96644 |
||
| 650 |
_aCommunal problem - Mahatma Gandhi _985545 |
||
| 650 |
_aCommunal Problems _985546 |
||
| 942 |
_2ddc _cHN _h305 _mचौधरी |
||
| 999 |
_c119553 _d119553 |
||